| 000 | 00510cab a2200205 4500 | ||
|---|---|---|---|
| 001 | ABS44773 | ||
| 008 | 090401t1991 xxu||||| |||| 00| 0 eng d | ||
| 035 | _a(Sirsi) u49001 | ||
| 041 | _aeng | ||
| 100 | _aSheard, M. | ||
| 245 | _aTaxing times for property | ||
| 260 | _c1991 | ||
| 350 | _a0 | ||
| 490 |
_aAccountancy Age _v29 June 1991, 14(1) |
||
| 520 | _aExamines the position of VAT in sale and leaseback deals. | ||
| 690 | _aTAXATION | ||
| 700 | _aHart, C. | ||
| 942 | _n0 | ||
| 948 | _c04/03/1997 | ||
| 999 |
_c30718 _d30718 |
||